| 000 | 01771nam a2200313 4500 | ||
|---|---|---|---|
| 001 | 113489 | ||
| 003 | DR-UNIBE | ||
| 005 | 20260529114611.0 | ||
| 008 | 250428b2024 dr ||||| |||| 00| 0 spa d | ||
| 020 | _a9789945251036 | ||
| 040 |
_aBIBLIOTECA UNIBE _cBIBLIOTECA UNIBE _bspa _erda |
||
| 041 | _aspa | ||
| 082 |
_222 _aR RD 972.93697 C343i |
||
| 100 | 1 | 0 |
_aCassá, Constancio, _d1953- _q(Cassá Bernaldo de Quirós, Constancio José) _cautor _9194585 |
| 245 | 1 | 0 |
_aImágenes constanceras : _b1909-2000 / _cConstancio Cassá y Teruki Waki ; diagramación : Juan Francisco Domínguez Novas ; diseño de cubierta : Juan F. Domínguez Novas y Éngely Fuma Santana |
| 250 | _aPrimera edición | ||
| 260 |
_aSanto Domingo : _bArchivo General de la Nación (AGN), _c2024 |
||
| 300 |
_a340 páginas : _bfotos b/n ; _c21 x 30 cm |
||
| 490 |
_aArchivo General de la Nación ; _v487 |
||
| 500 | _aComentario de la obra en las solapas. Cubierta: fotografías del pueblo de Constanza en 1930, Departamento de Cultura del Ayuntamiento de Constanza, colaboración de Elísa Rodríguez | ||
| 505 | _aBreve historia de Constanza. Introducción | Población del Valle, vida cotidiana y tradiciones | Clima | Recursos naturales | Acontecimientos políticos | A modo de aclaración | Fotografías | Referencias | ||
| 651 | 7 |
_2lemb _a Constanza (municipio) _x Historia _zRepública Dominicana _9194586 |
|
| 700 | 1 | 0 |
_aWaki, Teruki _9194582 _eautor |
| 700 | 1 | 0 |
_aDomínguez Novas, Juan Francisco _9127336 _ediagramador _ediseñador de cubierta |
| 700 | 1 | 0 |
_aFuma Santana, Engely _9147940 _ediseñador de cubierta |
| 700 | 1 | 0 |
_aRodríguez, Elisa _9194583 _ecolaborador |
| 710 | 1 | 0 |
_aAyuntamiento de Constanza. _bDepartamento de Cultura _9194584 _efotografías |
| 942 |
_2ddc _cBK |
||
| 999 |
_c113489 _d113489 |
||